00883nam a2200301 u 450000100070000000500170000700800410002402000150006503500110008003500210009104000130011204100080012508200080013310000500014124500750019125000110026626000420027730000100031965000310032965000360036065000240039665000190042065000240043965000280046365000200049165000240051170000460053558974120260506084347.0000413s1999 spa  a9589100309 a589741 a(OCoLC)777770373 ccomduadb aspa 4a34710aCarvajal Martínez, Ricardo León4auteaut10aTítulo valor electrónico : instrumentos negociables electrónicos a1. ed. aMedellín :bSeñal Editora,c1999. a116p. aTitulos valores - Colombia 7aDocumentos electrónicos2lemb aDecreto 436 de 1990 aLey 27 de 1990 aDecreto 437 de 1992 aResolucion 1200 de 1995 aLey 527 de 1999 aFirma electrónica10aGiraldo Gómez, Martha Cecilia4auteaut